000 00655nam a2200193Ia 4500
999 _c7098
_d7098
008 200103s 1963 ||||xx |||||||||||||| ||und||
082 _a621.106
_bLEW
100 _aLewitt, E. H.
245 0 _aHydraulics and fluid mechanics
_ba text-book covering the syllabuses of the B.Sc. (eng.). I.C.E., and I.Mech.E. examinations in this subject
250 _a10th
260 _bThe English Language Book Society
_c1963
_aLondon
300 _axiv, 752 p.: ill.
440 _aLow-priced textbook series
504 _aIncludes appendix and index
650 _aHydraulics
650 _aFluid mechanics
650 _aMechanical engineering
942 _cBK